00310nam a22001097a 4500082003000000100002300030245003200053260003900085300003100124526003700155650000800192 a621.4021bSADcL-12, P-29 aEI-Saden, Munir R. aEngineering thermodynamics. aUSAbD. Van Nostrand Company, Inc. axv, 216 p. :bill. :c6 Cm a0b0c0d621_402100000000000_SAD aMCE